书目信息 |
| 题名: |
旧戏新谈
|
|
| 作者: | 黄裳 著 | |
| 分册: | ||
| 出版信息: | 北京 开明出版社 1994.08 |
|
| 页数: | 195页 | |
| 开本: | 19cm | |
| 丛书名: | 开明文库 | |
| 单 册: | ||
| 中图分类: | I266 | |
| 科图分类: | ||
| 主题词: | 散文--san wen--中国--现代--选集 | |
| 电子资源: | ||
| ISBN: | 7-80077-707-3 | |
| 000 | 00766nam 2200253 450 | |
| 001 | 012008393193 | |
| 005 | 20080424191829.42 | |
| 010 | @a7-80077-707-3@dCNY5.90 | |
| 100 | @a20080424d1994 km y0chiy0120 ea | |
| 101 | 0 | @achi |
| 102 | @aCN@b110000 | |
| 105 | @ay z 000cy | |
| 106 | @ar | |
| 200 | 1 | @a旧戏新谈@Ajiu xi xin tan@f黄裳著@Fhuang shang zhu |
| 210 | @a北京@c开明出版社@d1994.08 | |
| 215 | @a195页@d19cm | |
| 225 | 2 | @a开明文库@Akai ming wen ku@h第二辑 |
| 330 | @a本书主要内容包括:"评剧家"、"叫好"、"十万春花如梦里""《水浒》戏文与女人"等。 | |
| 410 | 0 | @12001 @a开明文库 |
| 606 | 0 | @a散文@Asan wen@y中国@z现代@j选集 |
| 690 | @aI266@v4 | |
| 701 | 0 | @a黄裳@Ahuang shang@4著 |
| 801 | 0 | @aCN@bQSSK@c20080424 |
| 905 | @b20704212-14@dI266@eH881@f3 | |
| 旧戏新谈/黄裳著.-北京:开明出版社,1994.08 |
| 195页;19cm.-(开明文库.第二辑) |
| ISBN 7-80077-707-3:CNY5.90 |
| 本书主要内容包括:"评剧家"、"叫好"、"十万春花如梦里""《水浒》戏文与女人"等。 |
| ● |
| 相关链接 |
|
|
|
正题名:旧戏新谈
索取号:I266/H881
 
预约/预借
| 序号 | 登录号 | 条形码 | 馆藏地/架位号 | 状态 | 备注 |
| 1 | 704212 | 207042127 | 社科二线400B/400B社科库 25排1列2层/ [索取号:I266/H881] | 在馆 | |
| 2 | 704213 | 207042136 | 社科二线400B/400B社科库 25排1列2层/ [索取号:I266/H881] | 在馆 | |
| 3 | 704214 | 207042145 | 社科二线400B/400B社科库 25排1列2层/ [索取号:I266/H881] | 在馆 |